Roman Mythology - Sudden Death - Statistics

General Stats
  • This quiz has been taken 183 times
  • The average score is 9 of 13
Answers on the Grid
Answers color-coded by a green-red scale on the quiz's grid according to % correct below.
Minerva
Diana
Jupiter
Hades
Loki
Vulcan
Vanir
Ra
Janus
Anubis
Juno
Ceres
Neptune
Quirinus
Hathor
Gaia
Romulus
Mercury
Faunus
Amun
Frigg
Heimdall
Hercules
Heracles
 
Answer Stats
Answer % Correct
Jupiter
93%
Neptune
83%
Minerva
81%
Mercury
78%
Diana
76%
Vulcan
73%
Juno
70%
Romulus
63%
Hercules
60%
Janus
60%
Ceres
58%
Faunus
53%
Quirinus
35%
No matching quizzes found
Score Distribution
Percent of People with Each Score
Percentile by Number Answered
Your Score History
You have not taken this quiz